000
00333nam a2200133Ia 4500
003
GCL
008
140319s9999 xx 000 0 ara d
040
_a
GCL /
_c
GCL
082
0
4
_a
653
_b
ن ع
100
1
_a
نقولا زيادة
245
1
0
_a
عربيات: حضارة ولغة /
_c
نقولا زيادة
300
_a
264 ص
490
_a
999
_c
37811
_d
37811